| 000 | 01280nam0a22003011 4500 | ||
|---|---|---|---|
| 001 | rc\903357 | ||
| 005 | 20260406193329.0 | ||
| 035 | _a(NLR Aleph) 006078675 | ||
| 090 |
_a5072139 _c5072139 |
||
| 100 | _a20041129d1983 |||y0rusy50 ca | ||
| 101 | 0 | _arus | |
| 102 | _aRU | ||
| 105 | _ay ||||||||| | ||
| 200 | 1 |
_aКартофелеводство на Дальнем Востоке _eБиблиография _f[Сост. В.Г. Рейфман, М.С. Сопова, Е.П. Киселев] |
|
| 210 |
_aВладивосток _cДВНЦ АН СССР _d1983 |
||
| 215 |
_a196 с. _d21 |
||
| 300 | _aСост. указаны на обороте тит. л. | ||
| 300 | _aВ надзаг.: АН СССР, Дальневост. науч. центр, Биол.-почв. ин-т, Центр. науч. б-ка | ||
| 700 | 1 |
_aРейфман _bВ.Г. _gВольф Григорьевич |
|
| 701 | 1 |
_aСопова _bМ.С. |
|
| 701 | 1 |
_aКиселев _bЕ.П. |
|
| 712 | 0 | 2 |
_4570 _aАН СССР _bДальневосточный научный центр _bЦентральная научная библиотека _3RU\NLR\AUTH\889956049 _9408203 |
| 801 | 0 |
_aRU _bNLR _gpsbo |
|
| 801 | 1 |
_aRU _bELAR _2rusmarc |
|
| 852 |
_aNLR _bС _jК-2/2028 |
||
| 942 | _cBOOK | ||
| 980 | _aNB | ||